书目信息 |
| 题名: |
洋话连篇
|
|
| 作者: | 东方友人 著 | |
| 分册: | 急救英语 | |
| 出版信息: | 北京 知识出版社 2003 |
|
| 页数: | 181页 | |
| 开本: | 17cm | |
| 丛书名: | 洋话连篇酷英语系列 | |
| 单 册: | ||
| 中图分类: | H319.9 | |
| 科图分类: | ||
| 主题词: | 英语, 美国--口语 , 口语 | |
| 电子资源: | ||
| ISBN: | 7-5015-3918-9 | |
| 000 | 00761nam2 2200265 45 | |
| 001 | 012004000000 | |
| 005 | 20041210151553.61 | |
| 010 | @a7-5015-3918-9@dCNY 10.00 | |
| 100 | @a20041110d2003 em y0chiy0121 ea | |
| 101 | 0 | @achi@aeng |
| 102 | @aCN@b110000 | |
| 105 | @aa z 000yy | |
| 200 | 1 | @a洋话连篇@Ayang hua lian pian@i急救英语@iEmergency English@f东方友人著@zeng |
| 210 | @a北京@c知识出版社@d2003 | |
| 215 | @a181页@c图@d17cm | |
| 225 | 2 | @a洋话连篇酷英语系列 |
| 410 | 0 | @12001 @a洋话连篇酷英语系列 |
| 510 | 1 | @aEmergency English@zeng |
| 517 | 1 | @a急救英语 |
| 606 | 0 | @a英语, 美国@x口语 |
| 606 | 0 | @a口语 |
| 690 | @aH319.9@v4 | |
| 701 | 0 | @a东方友人@Adong fang you ren@4著 |
| 801 | 0 | @aCN@bQSSKxf@c20041210 |
| 905 | @a10447@dH319.9@eD660 | |
| 洋话连篇.急救英语.Emergency English/东方友人著.-北京:知识出版社,2003 |
| 181页:图;17cm.-(洋话连篇酷英语系列) |
| ISBN 7-5015-3918-9:CNY 10.00 |
| ● |
| 相关链接 |
|
|
|
正题名:洋话连篇
索取号:H319.9/D660
 
预约/预借
| 序号 | 登录号 | 条形码 | 馆藏地/架位号 | 状态 | 备注 |
| 1 | 432710 | 204327102 | 语言库209/209语言库 29排1列4层/ [索取号:H319.9/D660] | 在馆 | |
| 2 | 432711 | 204327111 | 语言库209/ [索取号:H319.9/D660] | 在馆 | |
| 3 | 432712 | 204327120 | 语言库209/209语言库 29排1列4层/ [索取号:H319.9/D660] | 在馆 | |
| 4 | 432713 | 204327139 | 语言库209/209语言库 29排1列4层/ [索取号:H319.9/D660] | 在馆 | |
| 5 | 432714 | 204327148 | 语言库209/209语言库 29排1列4层/ [索取号:H319.9/D660] | 在馆 |